Bibliografía general de la Isla de Santo Domingo : (Registro nro. 14398)
[ vista simple ]
| 000 -LEADER | |
|---|---|
| fixed length control field | 00928nam a2200253 a 4500 |
| 001 - CONTROL NUMBER | |
| control field | 000021393 |
| 003 - CONTROL NUMBER IDENTIFIER | |
| control field | DO-SdBNP |
| 005 - DATE AND TIME OF LATEST TRANSACTION | |
| control field | 20230705095255.0 |
| 008 - FIXED-LENGTH DATA ELEMENTS--GENERAL INFORMATION | |
| fixed length control field | 100907s1979 dr b 000 0 spa d |
| 040 ## - CATALOGING SOURCE | |
| Original cataloging agency | DO-SdBNP |
| Language of cataloging | spa |
| Transcribing agency | BPMSU |
| 082 #4 - DEWEY DECIMAL CLASSIFICATION NUMBER | |
| Classification number | R016.97293 |
| Item number | P128b 1979 |
| Edition number | 22 |
| 100 1# - MAIN ENTRY--PERSONAL NAME | |
| Personal name | Pagán Perdomo, Dato |
| 245 10 - TITLE STATEMENT | |
| Title | Bibliografía general de la Isla de Santo Domingo : |
| Remainder of title | contribución a su estudio / |
| Statement of responsibility, etc. | Dato Pagán Perdomo. |
| 260 ## - PUBLICATION, DISTRIBUTION, ETC. (IMPRINT) | |
| Place of publication, distribution, etc. | San Pedro de Macorís : |
| Name of publisher, distributor, etc. | UCE, |
| Date of publication, distribution, etc. | 1979. |
| 300 ## - PHYSICAL DESCRIPTION | |
| Extent | 2v. ; |
| Dimensions | 26 cm. |
| 490 0# - SERIES STATEMENT | |
| Series statement | Científica, |
| Volume/sequential designation | 9 |
| 500 ## - GENERAL NOTE | |
| General note | Incluye índice de autores y tìtulos y materias |
| 500 ## - GENERAL NOTE | |
| General note | Incluye datos biográficos del autor en la contracubierta |
| 590 ## - LOCAL NOTE (RLIN) | |
| Local note | Inventariado, 2023/VM |
| 651 #4 - SUBJECT ADDED ENTRY--GEOGRAPHIC NAME | |
| Geographic name | Isla Española (Haití y República Dominicana) |
| Form subdivision | Bibliografías |
| 710 2# - ADDED ENTRY--CORPORATE NAME | |
| Corporate name or jurisdiction name as entry element | Universidad Central del Este (Repùblica Dominicana) |
| 910 ## - USER-OPTION DATA (OCLC) | |
| User-option data | VMateo V. Control de calidad (BPMSU) |
| 942 ## - ADDED ENTRY ELEMENTS (KOHA) | |
| Source of classification or shelving scheme | Dewey Decimal Classification |
| Koha item type | Libros |
| Withdrawn status | Lost status | Source of classification or shelving scheme | Damaged status | Not for loan | Collection code | Home library | Current library | Date acquired | Source of acquisition | Total Checkouts | Full call number | Barcode | Date last seen | Copy number | Price effective from | Koha item type |
|---|---|---|---|---|---|---|---|---|---|---|---|---|---|---|---|---|
| Dewey Decimal Classification | Colección de Referencia Dominicana | Biblioteca Pública Metropolitana Salomé Ureña | Biblioteca Pública Metropolitana Salomé Ureña | 07/05/2023 | Intec | BPMSU CDR R016.97293 P128b 1979 | BPMSU23070007 | 07/05/2023 | v.1 | 07/05/2023 | Libros | |||||
| Dewey Decimal Classification | Colección de Referencia Dominicana | Biblioteca Pública Metropolitana Salomé Ureña | Biblioteca Pública Metropolitana Salomé Ureña | 07/05/2023 | Intec | BPMSU CDR R016.97293 P128b 1979 | BPMSU23070008 | 07/05/2023 | v.2 | 07/05/2023 | Libros |